| 000 | 00638nam a2200241Ia 4500 | ||
|---|---|---|---|
| 003 | OSt | ||
| 005 | 20220918170123.0 | ||
| 006 | a|||||r|||| 00| 0 | ||
| 007 | ta | ||
| 008 | 220917b |||||||| |||| 00| 0 eng d | ||
| 020 | _a9004038922 | ||
| 024 | _a243,883 | ||
| 037 | _cTextual | ||
| 040 |
_aARTS _cARTS _beng |
||
| 041 |
_2eng _aeng |
||
| 082 | _aLB:4X1,1, 111L4 | ||
| 100 |
_aMeulenbeld G.J. _927174 |
||
| 245 | 0 | _aMadhavanidana and its chief commetary | |
| 260 |
_aLeiden _bE.J. Bill _c1974 |
||
| 300 |
_a709p. _ccm. |
||
| 942 |
_hLB:4X1,1, 111L4 _cTEXL _2CC |
||
| 999 |
_c132695 _d132695 |
||